Canine Geography - Statistics

General Stats
  • This quiz has been taken 154 times
  • The average score is 9 of 15
Answer Stats
This breed of dog comes.... ...from this country (modern name) % Correct
Great Dane Germany
91%
Bassett Hound France/UK
86%
Samoyed Russia
81%
Australian Shepherd United States of America
79%
Tosa Japan
70%
Havanese Cuba
67%
Anatolian Shepherd Turkey
64%
Boerboel South Africa
60%
Dalmation Croatia
56%
Rhodesian Ridgeback Zimbabwe
55%
Karelian Bear Dog Finland
49%
Schipperke Belgium
47%
Komondor Hungary
37%
Basenji Democratic Republic of Congo
21%
Pharaoh Dog Malta
17%
No matching quizzes found
Score Distribution
Percent of People with Each Score
Percentile by Number Answered
Your Score History
You have not taken this quiz